La " Justicia social" como antítesis de la justicia /

Αποθηκεύτηκε σε:
Λεπτομέρειες βιβλιογραφικής εγγραφής
Κύριος συγγραφέας: Benegas Lynch, Alberto
Μορφή: Κείμενο
Θέματα:
Ετικέτες: Προσθήκη ετικέτας
Δεν υπάρχουν, Καταχωρήστε ετικέτα πρώτοι!

MARC

LEADER 00000 a a2200000 04500
001 3819
003
040
100 |a Benegas Lynch, Alberto  
245 |a La " Justicia social" como antítesis de la justicia /  |c Alberto Benegas Lynch 
650 |a DISTRIBUCION DEL INGRESO  
650 |a ADMINISTRACION DEL DESARROLLO  
650 |a SALARIOS  
650 |a BIENESTAR SOCIAL  
650 |a JUSTICIA SOCIAL  
650 |a DESIGUALDAD ECONOMICA  
773 |g volumen 17, número 3 (67); páginas 27-37  
999 |c 38398  |d 38398